| Tag |
First Indicator |
Second Indicator |
Subfields |
| LEADER |
00000cas a2200000 a 4500 |
| 001 |
in00001673421 |
| 005 |
20151024130239.0 |
| 008 |
000602d20002003enkqx p 0 0eng c |
| 010 |
|
|
|a 00256001
|
| 022 |
|
|
|a 1472-4561
|l 1472-4561
|9 1753-7800
|9 0965-0946
|
| 029 |
1 |
|
|a NZ1
|b 5687778
|
| 029 |
1 |
|
|a NZ1
|b 9724795
|
| 029 |
1 |
|
|a AU@
|b 000021572567
|
| 029 |
1 |
|
|a AU@
|b 000021494695
|
| 029 |
1 |
|
|a AU@
|b 000024650394
|
| 029 |
1 |
|
|a AU@
|b 000044771134
|
| 030 |
|
|
|a PICEB8
|
| 035 |
|
|
|a (OCoLC)ocm44168774
|
| 035 |
|
|
|a (OCoLC)44168774
|
| 037 |
|
|
|b Customer Services Dept., Thomas Telford Ltd, 1 Heron Quay, London E14 4JD
|
| 040 |
|
|
|a RBN
|c RBN
|d MYG
|d OCL
|d MYG
|d WAU
|d CAS
|d TJC
|d DLC
|d WAU
|d OCL
|d OCLCQ
|d TXA
|d UtOrBLW
|
| 042 |
|
|
|a pcc
|
| 049 |
|
|
|a TXAM
|
| 082 |
0 |
4 |
|a 624
|
| 090 |
|
|
|a TA357
|b .P77
|
| 210 |
0 |
|
|a Proc. Inst. Civ. Eng., Water marit. eng.
|
| 222 |
|
0 |
|a Proceedings of the Institution of Civil Engineers. Water and maritime engineering
|
| 245 |
0 |
0 |
|a Proceedings of the Institution of Civil Engineers.
|p Water and maritime engineering.
|
| 246 |
3 |
0 |
|a Water and maritime engineering
|
| 264 |
|
1 |
|a London :
|b Published for the Institution of Civil Engineers by Thomas Telford Ltd.,
|c ©2000-©2003.
|
| 300 |
|
|
|a 4 volumes :
|b illustrations ;
|c 30 cm.
|
| 310 |
|
|
|a Four no. a year
|
| 336 |
|
|
|a text
|b txt
|2 rdacontent
|
| 337 |
|
|
|a unmediated
|b n
|2 rdamedia
|
| 338 |
|
|
|a volume
|b nc
|2 rdacarrier
|
| 362 |
0 |
|
|a Vol. 142, issue 1 (Mar. 2000)-v. 156, issue WM4 (Dec. 2003).
|
| 500 |
|
|
|a Title from cover.
|
| 515 |
|
|
|a Non-consecutive vol. numbering for 2000-2002 alternates with: Proceedings of the Institution of Civil Engineers. Civil engineering; Proceedings of the Institution of Civil Engineers. Municipal engineer; Proceedings of the Institution of Civil Engineers. Structures and buildings; Proceedings of the Institution of Civil Engineers. Transport; and, Proceedings of the Institution of Civil Engineers. Geotechnical engineering.
|
| 530 |
|
|
|a Also available online.
|
| 550 |
|
|
|a Issued jointly in 2000 with: International Association for Hydraulic Engineering and Research.
|
| 580 |
|
|
|a Split into: Proceedings of the Institution of Civil Engineers. Water management, and: Proceedings of the Institution of Civil Engineers. Maritime engineering.
|
| 650 |
|
0 |
|a Fluid mechanics
|v Periodicals.
|
| 650 |
|
0 |
|a Hydraulic engineering
|v Periodicals.
|
| 650 |
|
0 |
|a River engineering
|v Periodicals.
|
| 710 |
2 |
|
|a Institution of Civil Engineers (Great Britain)
|
| 710 |
2 |
|
|a International Association of Hydraulic Engineering and Research.
|
| 776 |
0 |
8 |
|i Also available online:
|t Proceedings of the Institution of Civil Engineers. Water and maritime engineering
|x 1753-7800
|w (DLC) 2010263211
|w (OCoLC)60638114
|
| 780 |
0 |
0 |
|t Proceedings of the Institution of Civil Engineers. Water, maritime and energy
|x 0965-0946
|w (DLC)sn 92025171
|w (OCoLC)25920500
|
| 785 |
1 |
6 |
|t Proceedings of the Institution of Civil Engineers. Water management
|w (DLC) 2004252469
|w (OCoLC)54993732
|
| 785 |
1 |
6 |
|t Proceedings of the Institution of Civil Engineers. Maritime engineering
|w (DLC) 2004252234
|w (OCoLC)55085400
|
| 850 |
|
|
|a DLC
|
| 891 |
2 |
0 |
|9 853
|8 1
|a v.
|b issue WM
|u 4
|v r
|i (year)
|j (month)
|w 4
|
| 891 |
4 |
1 |
|9 863
|8 1.1
|a 156
|b 1
|i 2003
|j 03
|
| 994 |
|
|
|a C0
|b TXA
|
| 949 |
|
|
|a updated
|b h
|c 2010/7/23
|e ykudo
|f 3:35:54 pm
|g CF
|
| 999 |
|
|
|a MARS
|
| 999 |
f |
f |
|s fa19b98a-fb07-32e5-a62f-c6497daa8249
|i eb0e431a-31ed-3b78-868b-c398af097e98
|t 0
|
| 952 |
f |
f |
|p ric
|a Texas A&M University
|b Rellis Campus
|c Joint Library Facility
|d Remote Storage
|t 0
|e TA357 .P77
|h Library of Congress classification
|i unmediated -- volume
|k v.156
|l 2003
|m A14831818514
|
| 952 |
f |
f |
|p ric
|a Texas A&M University
|b Rellis Campus
|c Joint Library Facility
|d Remote Storage
|t 0
|e TA357 .P77
|h Library of Congress classification
|i unmediated -- volume
|k v.148
|l 2001
|m A14828602475
|
| 952 |
f |
f |
|p ric
|a Texas A&M University
|b Rellis Campus
|c Joint Library Facility
|d Remote Storage
|t 0
|e TA357 .P77
|h Library of Congress classification
|i unmediated -- volume
|k v.154
|l 2002
|m A14830346221
|
| 952 |
f |
f |
|p ric
|a Texas A&M University
|b Rellis Campus
|c Joint Library Facility
|d Remote Storage
|t 0
|e TA357 .P77
|h Library of Congress classification
|i unmediated -- volume
|k v.142
|l 2000
|m A14828602433
|
| 998 |
f |
f |
|a TA357 .P77
|s v.156 (2003)
|t 0
|l Remote Storage
|